000 00756nam a2200265Ia 4500
003 OSt
005 20220927105751.0
006 a|||||r|||| 00| 0
007 ta
008 220926b |||||||| |||| 00| 0 eng d
024 _a206947
037 _cReference Collections
040 _aRTL
_cRTL
_beng
041 _2eng
_aeng
082 _a"Y:4, Q7/UN"
100 _aUNITED NATIONS
110 _aUNITED NATIONS
245 0 _aReport of the committee on the rights of persons with disabilities
260 _aNew
_b"York, United Nations, "
_c2017
300 _aiii;21p.
_ccm.
500 _aBibliography chapterwise
700 _aUNITED NATIONS
942 _h"Y:4, Q7/UN"
_cCC
999 _c694520
_d694520